00504nam a2200193 a 4500001001300000003000900013005001700022008004100039020001000080082001700090100001500107245004300122260004300165300000900208500003500217505001000252650003300262700001500295nice12345678IN_TiNIC20260116011421.0050524s1936 lona grp 000 0 eng  ac10000a954.025bHAS aHasan, Ibn aCentral Structure of the Mughal Empire aLondonbOxford University Press c1936 a398p aincludes index and biblioraphy2 aIndex aDeccan-History-muslim Period1 aHasan, Ibn